000 00329nam a2200133Ia 4500
005 20260328104328.0
008 260328s9999||||xx |||||||||||||| ||und||
100 _aWendt, Eve M.
245 0 _aHousing in the northern countries /
_cEve M. Wendt
260 _bCopenhagen
300 _a148 p.
650 _aFINLANDIA
942 _cBK
999 _c11590
_d11590